00753nas a2200229Ia 4500001002800000003001000028008004100038040002500079041001300104100002100117210001800138222001800156245002400174250001100198260000900209501012300218300001300341362003000354500008700384650002700471700002500498A10/R160-10234 [r000007498]IT-MiCISF161014c99999999xx |||||||||||| ||und|| aIT-MiCISFcIT-MiCISF aITALIANO aSimonelli Chiara aPsicobiettivo aPsicobiettivo 0aLe terapie sessuali a1a ed. c1986 bCISF - Centro Internazionale Studi Famiglia - Via Giotto, 36 20145 MILANO (non commercial uses only)cCopyright 2016 app. 4-23 an. 2, marzo-aprile [1986] a Tema: storia, terapia-sessuale, psicoanalisi, tecniche-terapeutiche, case-studies asessualità€varticolo a Petruccelli Filippo